Theory of dielectrics. Dielectric constant and dielectric loss
Guardat en:
| Autor principal: | |
|---|---|
| Format: | Llibre |
| Idioma: | anglès |
| Publicat: |
Oxford
Oxford University Press
1958
|
| Edició: | 2a. ed |
| Col·lecció: | Monographs on the Physics and Chemistry of Materials
|
| Matèries: | |
| Etiquetes: |
Afegir etiqueta
Sense etiquetes, Sigues el primer a etiquetar aquest registre!
|
MARC
| LEADER | 00000nam a2200000 a 4500 | ||
|---|---|---|---|
| 001 | UCI1531 | ||
| 003 | CL-VaPUC | ||
| 008 | 070706e19580000UK |||||||||||||||||eng|d | ||
| 082 | 0 | 4 | |a 537.24 |b FRO |2 21 |
| 100 | 0 | |a Frohlich, H |e author |9 522098 | |
| 245 | 1 | 0 | |a Theory of dielectrics. Dielectric constant and dielectric loss |
| 250 | |a 2a. ed | ||
| 300 | |a 192 p | ||
| 942 | |c BK | ||
| 945 | |d 20070706 00:00:00 |a rbrito | ||
| 260 | |a Oxford |b Oxford University Press |c 1958 | ||
| 650 | 7 | |a DIELECTRICA |2 CL-VaPUC |9 522099 | |
| 650 | 7 | |a ELECTROSTATICA |2 CL-VaPUC |9 522100 | |
| 650 | 0 | |a Electromagnetismo |9 260123 | |
| 650 | 0 | |a Estática |9 260452 | |
| 583 | |a last modification |c 20070706 00:00:00 |k Rodrigo Vera | ||
| 490 | 0 | |a Monographs on the Physics and Chemistry of Materials | |
| 999 | |c 326334 |d 326332 | ||
| 952 | |0 0 |1 0 |4 0 |6 537_240000000000000_FRO_1958 |7 0 |8 A |9 408180 |a BIBCUR |b BIBCUR |d 2019-11-22 |i 4241061 |o 537.24 FRO 1958 |p 4241061 |r 2025-04-22 |w 2019-11-22 |y BK |k BCB | ||